01379nam a2200253 a 4500001001000000003000400010005001700014008004100031040002500072049000900097082002700106100005900133245026600192260006800458300002100526650003600547651010200583651011500685910003800800942001400838952013100852952012500983999001701108000026620OSt20240229073936.0110324t1951 dr 000 0dspa d aDO-SdBNPbspacBNPHU aBNPD a972.93053bT866m, 19501 aTrujillo Molina, Rafael Leónidas,d 1891-196197676410aMensaje depositado el 27 de febrero de 1951 en el Congreso Nacional por el Presidente de la República Dominicana generalísimo Dr. Rafael Leónidas Trujillo Molina para darle cuenta de su gestión durante el año 1950 /cRafael Leónidas Trujillo Molina. aCiudad Trujillo, República Dominicana :bDel Caribe,c[1951]. a137 p. ;c22 cm. 4aDiscursos presidenciales910061 4aRepública DominicanaxHistoriayEra de Trujillo, 1930-1961 xEnsayos, conferencias, etc.930520 4aRepública DominicanaxPolítica Y GobiernoyEra de Trujillo, 1930-1961930546vEnsayos, conferencias, etc. aValidado. Control de calidad EMS. 2ddccLBS1 001150718RVaPDbPDcMId2011-05-23iLF1l0o972.93053 T866m, 1950p26620-20r2020-06-25te. 2w2020-06-25y1ZNo se presta 001050718RVaPDbPDcHDd2011-03-24iLF1l0o972.93053 T866m, 1950p26620-10r2020-06-25w2020-06-25y1ZNo se presta c26112d26112